| 000 | 00520nam a22002057a 4500 | ||
|---|---|---|---|
| 003 | MPLRDC | ||
| 005 | 20220105061103.0 | ||
| 008 | 210129b ||||| |||| 00| 0 eng d | ||
| 020 | _a957-630-134-3 | ||
| 082 | _a226.65 LYS-4 | ||
| 100 | _a李元松 | ||
| 245 |
_a平常话 _c |
||
| 250 | _a初版四刷 | ||
| 260 |
_a台湾 _b跃升文化事业有限公司 _c1997 |
||
| 300 | _b平 | ||
| 490 | _a现代禅系列 | ||
| 520 | _a上架 2017-03-06。 | ||
| 650 | _a佛教宗派--禅宗 | ||
| 942 |
_cBK _o226.65 LYS-4 |
||
| 999 |
_c68614 _d68604 |
||